000 00957cam a22002531 4500
001 sa 65007848
003 DLC
005 20260227112151.0
008 850517s1964 io ac 000 0 ind
010 _asa 65007848
025 _aPL480:Indo-1474
035 _a(OCoLC)12049056
040 _aDLC
_cKyU
_dDLC
042 _apremarc
050 0 0 _aDS625
_b.P46 1964
110 2 _aTaman Siswa (Organization)
245 1 0 _aMasalah kebudajaan;
_bkenang²an promosi doctor honoris causa Ki Hadjar Dewantara oleh Universitas Gadjah Mada Jogjakarta, 1956.
250 _aTjet. 2.
260 _aJogjakarta,
_bMadjelis Luhur Taman Siswa,
_c1964.
300 _a40 p.
_billus., ports.
_c22 cm.
505 0 _aPidato, oleh M. Sardjito.--Pidato sambutan, oleh K.H. Dewantara.--Pidato, oleh Presiden Soekarno.--Pidato, oleh S. Mangoenpranoto.--Pidato sambutan, oleh Bapak Semaun.
651 0 _aIndonesia
_xIntellectual life.
700 1 _aDewantara, Hadjar,
_d1889-1959.
999 _c65401
_d65401